| 000 | 00494nam a22001697a 4500 | ||
|---|---|---|---|
| 005 | 20251108171204.0 | ||
| 008 | 250721s1984 xx 000 0 ara d | ||
| 082 | 1 | 4 | _a210.4301412/سيد |
| 100 | 1 | _aالجميلي، السيد | |
| 245 | 1 | 0 | _aأحكام المرأة في القرآن / |
| 264 | 1 |
_aبيروت : _bدار الكتاب العربي، _c1984. |
|
| 300 | _a180ص | ||
| 650 | 1 | 7 | _aالإسلام و المرأة |
| 650 | 1 | 7 | _aالزواج |
| 942 |
_2ddc _cBK |
||
| 999 |
_c58853 _d58853 |
||